000
00319nam a2200145Ia 4500
100
_a
Bown/John
942
_c
RB
654
_a
Moulding Plastic
245
_a
Injection Moulding Plastic Components
260
_b
McGraw Hill
_a
London
_c
1979
082
_a
668.4
_b
Bow
300
_a
206
546
_a
ENGLISH
999
_c
20134
_d
20134